[Event "ECC"]
[Site "Panormo GRE"]
[Date "2001.09.29"]
[Round "7"]
[White "Ulfarsson,M"]
[Black "Blaho,S"]
[Result "1-0"]
[WhiteElo "2290"]
[BlackElo "2158"]
[EventDate "2001.09.22"]

1. e4 c5 2. Nf3 d6 3. d4 cxd4 4. Nxd4 Nf6 5. Nc3 g6 6. Be3 Bg7 7. f3 O-O 8.
Qd2 Nc6 9. Bc4 Bd7 10. O-O-O Qa5 11. g4 Rfc8 12. Bb3 Ne5 13. h4 Nc4 14.
Bxc4 Rxc4 15. Nb3 Qa6 16. Bd4 Rac8 17. h5 e5 18. Be3 Bxg4 19. hxg6 hxg6 20.
Bh6 Bh5 21. Kb1 Rxc3 22. bxc3 Qc4 23. Bxg7 Kxg7 24. Qg2 Qxc3 25. Rh3 Qb4
26. Rdh1 Rh8 27. Qd2 Qxd2 28. Nxd2 d5 29. Kb2 dxe4 30. fxe4 Rd8 31. Rd3 Rc8
32. Rd6 Rc7 33. Re1 Ng4 34. Nf1 Nf2 35. Rd2 Nh3 36. Ne3 f6 37. Nd5 Rf7 38.
Rh2 Ng5 39. Rf2 Nh3 40. Rff1 Ng5 41. Re3 Bg4 42. c4 Be6 43. a4 Bd7 44. a5
Bc6 45. Ka3 Ne6 46. Ref3 Nd4 47. Rh3 Bxd5 48. cxd5 f5 49. exf5 gxf5 50.
Rg1+ Kf6 51. Rh6+ Ke7 52. Rc1 Kd7 53. Rb1 Kd8 54. d6 b6 55. axb6 axb6 56.
Rxb6 Ra7+ 57. Kb2 Ra5 58. Rh8+ Kd7 1-0

[Event "ECC"]
[Site "Panormo GRE"]
[Date "2001.09.29"]
[Round "7"]
[White "Kajan,M"]
[Black "Sigfusson,S"]
[Result "1-0"]
[WhiteElo "2087"]
[BlackElo "2284"]
[EventDate "2001.09.22"]

1. e4 e5 2. Nf3 Nc6 3. Bc4 Nf6 4. Ng5 d5 5. exd5 b5 6. dxc6 bxc4 7. Nc3 h6
8. Nf3 Bd6 9. h3 e4 10. Qe2 O-O 11. Nd4 Bc5 12. Ndb5 Be6 13. b3 cxb3 14.
axb3 a6 15. Na3 Qd6 16. Nc4 Qxc6 17. Ba3 Bxa3 18. Rxa3 Rfd8 19. Ne3 Rd6 20.
O-O Rad8 21. Rd1 Bc8 22. Ra4 Rd4 23. Nc4 Nh7 24. Na2 Ng5 25. Qe3 Qf6 26.
Qg3 R4d5 27. h4 Ne6 28. Nc3 Rd4 29. Re1 e3 30. fxe3 Qxh4 31. Qxh4 Rxh4 32.
Rf1 c5 33. d3 Rh5 34. Ne4 Nc7 35. Ncd6 f5 36. Ng3 Rg5 37. Ngxf5 Bxf5 38.
Nxf5 Kh7 39. e4 h5 40. Ra5 Rd7 41. Rf3 Rf7 42. Rxc5 Nb5 43. Rc6 a5 44. Rc5
Na3 45. Rg3 Rxg3 46. Nxg3 g6 47. e5 Rd7 48. Ne4 Kg7 49. Nd6 Re7 50. d4 Ra7
51. d5 Re7 52. e6 Kf6 53. Ne4+ 1-0

[Event "ECC"]
[Site "Panormo GRE"]
[Date "2001.09.29"]
[Round "7"]
[White "Luther,T"]
[Black "Gustafsson,J"]
[Result "1-0"]
[WhiteElo "2604"]
[BlackElo "2535"]
[EventDate "2001.09.22"]

1. e4 c5 2. Nf3 Nc6 3. d4 cxd4 4. Nxd4 Nf6 5. Nc3 e5 6. Ndb5 d6 7. Bg5 a6
8. Na3 b5 9. Bxf6 gxf6 10. Nd5 Bg7 11. Bd3 Ne7 12. Nxe7 Qxe7 13. c3 f5 14.
Nc2 Qb7 15. f3 f4 16. Nb4 O-O 17. Bc2 a5 18. Nd5 Be6 19. g4 Qa7 20. Kf1
Rac8 21. a3 Bxd5 22. exd5 e4 23. Bxe4 Qc5 24. Qd3 b4 25. axb4 axb4 26.
Bxh7+ Kh8 27. Kg2 bxc3 28. bxc3 Qxc3 29. Ra2 Qf6 30. Be4 Rc3 31. Qd2 Re3
32. Rf1 Qh6 33. Kh1 Be5 34. Qg2 Bf6 35. Rg1 Bd4 36. g5 Qh4 37. Qg4 Qxg4 38.
Rxg4 Re1+ 39. Kg2 Kg7 40. Kh3 Rh8+ 41. Rh4 Rg1 42. Rxh8 Kxh8 43. Kh4 Kg7
44. Rc2 Bc5 45. Rb2 Bd4 46. Rc2 Bc5 47. Kh5 Bd4 48. h4 Rg3 49. Rc7 Kg8 50.
Rc6 Be5 51. Rc8+ Kg7 52. Rd8 Rh3 53. Bf5 Rxf3 54. Be6 1-0

[Event "ECC"]
[Site "Panormo GRE"]
[Date "2001.09.29"]
[Round "7"]
[White "Bezold,M"]
[Black "Stanec,N"]
[Result "1/2-1/2"]
[WhiteElo "2510"]
[BlackElo "2530"]
[EventDate "2001.09.22"]

1. Nf3 g6 2. d4 Nf6 3. Bf4 Bg7 4. e3 O-O 5. h3 c5 6. c3 b6 7. Bc4 Bb7 8.
O-O d5 9. Be2 Ne4 10. Nbd2 Nxd2 11. Qxd2 Nd7 12. Rfd1 e6 13. Bd6 Re8 14.
Qc2 Bf8 15. Bxf8 Rxf8 16. a4 a6 17. c4 Qe7 18. b3 Rac8 19. Rac1 cxd4 20.
exd4 Qb4 21. Qc3 Qxc3 22. Rxc3 a5 23. Rdc1 dxc4 24. bxc4 Rc7 25. Rb1 f6 26.
Re3 Kf7 27. Nd2 Bc6 28. Bd1 e5 29. Nf3 Re8 30. dxe5 fxe5 31. Ng5+ Kg8 32.
f4 e4 33. Bc2 Kg7 34. Nf3 Rb8 35. Nd4 Nc5 36. Bxe4 Bxe4 37. Rxe4 Kf7 38.
Re5 Nxa4 39. Rxa5 Nc3 40. Rb3 bxa5 41. Rxb8 Rxc4 42. Rb7+ Ke8 43. Nb5 Rb4
44. Nd6+ Kf8 45. Rxh7 Rxf4 46. Rc7 Ne2+ 47. Kh2 Rb4 48. Nc4 a4 49. Ne5 g5
50. Ng6+ Kg8 51. Ne7+ Kf8 52. Ng6+ 1/2-1/2

[Event "ECC"]
[Site "Panormo GRE"]
[Date "2001.09.29"]
[Round "7"]
[White "Gaertner,G"]
[Black "Teske,H"]
[Result "0-1"]
[WhiteElo "2392"]
[BlackElo "2486"]
[EventDate "2001.09.22"]

1. d4 Nf6 2. c4 e6 3. Nc3 d5 4. cxd5 Nxd5 5. e4 Nxc3 6. bxc3 c5 7. Rb1 cxd4
8. cxd4 Nc6 9. Bb5 a6 10. Bxc6+ bxc6 11. Be3 a5 12. Ne2 Bb4+ 13. Bd2 c5 14.
a3 Bxd2+ 15. Qxd2 cxd4 16. Qxd4 O-O 17. O-O Ba6 18. Rfe1 Qe7 19. Qe3 Rfd8
20. Nd4 Rac8 21. Nb5 Qc5 22. Qxc5 Rxc5 23. Red1 Rxd1+ 24. Rxd1 Kf8 25. Nd4
Rc3 26. Ra1 Ke7 27. f3 Kd6 28. Rb1 Ke5 29. Nb5 Rc5 30. a4 Rc4 31. g3 Rb4
32. Ra1 Bxb5 33. axb5 Rxb5 34. Ra4 Kd6 35. Kf2 Kc5 36. h4 e5 37. f4 f6 38.
h5 Kb6 39. Ra2 exf4 40. gxf4 Rxh5 41. Kf3 Rc5 42. Rb2+ Rb5 43. Rh2 h5 44.
f5 a4 45. Rxh5 a3 46. Rh1 Kc5 47. e5 fxe5 48. Ke4 Kb4 49. Rb1+ Ka4 50. Ra1
Rb2 51. Kxe5 a2 52. Ke6 Ka3 0-1

[Event "ECC"]
[Site "Panormo GRE"]
[Date "2001.09.29"]
[Round "7"]
[White "Portisch,L"]
[Black "Iordachescu,V"]
[Result "1/2-1/2"]
[WhiteElo "2591"]
[BlackElo "2562"]
[EventDate "2001.09.22"]

1. d4 Nf6 2. c4 e6 3. Nf3 b6 4. g3 Ba6 5. b3 Bb7 6. Bg2 Bb4+ 7. Bd2 a5 8.
O-O O-O 9. Qc2 d6 10. Rd1 Nbd7 11. Bc3 Qe7 12. a3 Bxc3 13. Nxc3 d5 14. cxd5
exd5 15. Qb2 c5 16. Rac1 Rad8 17. Na4 Rfe8 18. Rc2 Ba6 19. Nc3 Bb7 20. Nh4
g6 21. Nf3 Ne4 22. dxc5 Nxc3 23. Qxc3 bxc5 24. Qxa5 d4 25. Qc7 Be4 26. Rcd2
Rc8 27. Qf4 Nf6 28. Qh4 Kg7 29. Rb2 Qa7 30. Ra1 Rb8 31. Qf4 c4 32. b4 c3
33. Rba2 Rbd8 34. Ne1 Bxg2 35. Kxg2 Re4 36. Qf3 g5 37. Qd3 Qb7 38. Kg1 h5
39. Nf3 Qd5 40. a4 h4 41. Qb5 Qxb5 42. axb5 hxg3 43. hxg3 d3 44. exd3 Rxd3
45. Ne1 Rd5 46. Nc2 Rd2 47. Ne3 Rxa2 48. Rxa2 Rxb4 49. Rc2 1/2-1/2

[Event "ECC"]
[Site "Panormo GRE"]
[Date "2001.09.29"]
[Round "7"]
[White "Svetushkin,D"]
[Black "Horvath,Ad"]
[Result "1-0"]
[WhiteElo "2461"]
[BlackElo "2504"]
[EventDate "2001.09.22"]

1. e4 c5 2. Nf3 e6 3. d3 Nc6 4. c3 d5 5. Qe2 Nf6 6. g3 Be7 7. Bg2 O-O 8.
O-O b5 9. e5 Nd7 10. h4 a5 11. a4 bxa4 12. Rxa4 Qc7 13. Re1 Rb8 14. Nbd2
Nb6 15. Ra2 Bd7 16. Nf1 d4 17. c4 Nb4 18. Ra3 Ba4 19. b3 Bc6 20. N1h2 a4
21. Ng5 Bxg2 22. Kxg2 Qc6+ 23. Kg1 axb3 24. Rxb3 Na4 25. Qh5 Bxg5 26. hxg5
Nc2 27. Re4 Qxe4 28. dxe4 Rxb3 29. Bd2 Ne3 30. fxe3 dxe3 31. Ba5 Rb1+ 32.
Kg2 Rfb8 33. Ng4 R8b2+ 34. Kf3 e2 35. Nf6+ gxf6 36. gxf6 1-0

[Event "ECC"]
[Site "Panormo GRE"]
[Date "2001.09.29"]
[Round "7"]
[White "Khruschiov,A"]
[Black "Horvath,Gy"]
[Result "0-1"]
[WhiteElo "2411"]
[BlackElo "2441"]
[EventDate "2001.09.22"]

1. e4 e5 2. Nf3 Nc6 3. Bb5 f5 4. Nc3 Nf6 5. Qe2 Bc5 6. Bxc6 dxc6 7. Nxe5
Qe7 8. exf5 Bxf5 9. d3 O-O-O 10. O-O Rhe8 11. Bf4 Bd4 12. Rae1 Qc5 13. h3
Re7 14. Qf3 Rde8 15. Ne2 Bxb2 16. c3 Qd5 17. Qe3 Rxe5 18. Bxe5 Rxe5 19.
Qxa7 Qa5 20. Qd4 Rd5 21. Qe3 Rxd3 22. Qe7 Rd7 23. Qf8+ Rd8 24. Qxg7 Ne4 25.
Rd1 Nd6 26. Rfe1 Bg6 27. Rd2 Ba3 28. Nf4 Kb8 29. Nxg6 hxg6 30. Qxg6 Qxc3
31. Qd3 Bb4 32. Red1 Qg7 33. Rc2 Nf7 34. Qf1 Rxd1 35. Qxd1 Bd6 36. Re2 Ne5
37. f4 Nf3+ 38. Kf2 Nd4 39. Re8+ Ka7 40. Qa4+ Kb6 41. Ra8 c5 42. Qa7+ Kc6
43. Rb8 Bxf4 44. Qxb7+ Kd7 45. Qc8+ Kc6 46. Qe8+ Kd5 47. g4 Qf6 48. Kg2 Be5
49. Qg8+ Ke4 50. Rf8 Qh4 51. Rf2 Qg3+ 52. Kf1 Qxh3+ 53. Ke1 Qh4 54. Qe8 c4
55. Qf7 Bg3 56. Qe8+ Kd3 0-1

[Event "ECC"]
[Site "Panormo GRE"]
[Date "2001.09.29"]
[Round "7"]
[White "Petrenko,S"]
[Black "Csiszar,C"]
[Result "1-0"]
[WhiteElo "2357"]
[BlackElo "2364"]
[EventDate "2001.09.22"]

1. e4 c5 2. Nf3 Nc6 3. d4 cxd4 4. Nxd4 e5 5. Nb5 d6 6. c4 Nf6 7. N1c3 a6 8.
Na3 Be7 9. Nc2 Be6 10. Bd3 Rc8 11. Nd5 O-O 12. O-O Nd7 13. Nce3 Bg5 14. Nf5
Bxc1 15. Rxc1 Bxf5 16. exf5 Nf6 17. Nxf6+ Qxf6 18. Be4 Nd4 19. Qd3 Rc7 20.
f4 Kh8 21. b4 b6 22. Rce1 a5 23. bxa5 bxa5 24. fxe5 dxe5 25. Bd5 a4 26. Qa3
Re8 27. Qxa4 Rce7 28. Be4 Qb6 29. Kh1 f6 30. Rb1 Qc5 31. Rb7 Rd8 32. Rxe7
Qxe7 33. Qa5 Rc8 34. Rb1 h6 35. Qb4 Qd7 36. g4 Qa7 37. Rb2 Kh7 38. Bd5 e4
39. Bxe4 Re8 40. Qb7 Qa4 41. Kg2 Qd1 42. Bf3 Qc1 43. Rf2 Qxc4 44. Bd5 Qa4
45. Bf7 Nxf5 46. h3 Nh4+ 47. Kh2 Qd4 48. Qb1+ Kh8 49. Kg1 Nf3+ 50. Kg2 Ne1+
51. Kg1 Nd3 52. Bxe8 Qxf2+ 53. Kh1 Qf3+ 54. Kh2 Nf4 55. Bc6 Qxh3+ 56. Kg1
Qxg4+ 57. Kf2 Qe2+ 58. Kg1 Qe3+ 59. Kh2 Qf2+ 60. Kh1 Qh4+ 61. Kg1 Qg4+ 62.
Kf1 f5 63. a4 Qe2+ 64. Kg1 Qe3+ 65. Kf1 Nd3 66. Qc2 Qf4+ 67. Ke2 Ne5 68.
Qc5 Qh2+ 69. Kd1 Kh7 70. a5 Qb2 71. Ba8 Qb1+ 72. Kd2 Qd3+ 73. Ke1 Qg3+ 74.
Kd1 Qb3+ 75. Ke2 Qb8 76. Qd5 Qb2+ 77. Kd1 Qb1+ 78. Kd2 Qb2+ 79. Kd1 h5 80.
Bb7 Kg6 81. a6 Ng4 82. Qc6+ Kg5 83. Qc1+ Ne3+ 84. Qxe3+ f4 85. Qe7+ Kh6 86.
Qd6+ Kg5 87. Qd5+ Kh4 88. Qh1+ Kg3 89. Qf3+ 1-0

[Event "ECC"]
[Site "Panormo GRE"]
[Date "2001.09.29"]
[Round "7"]
[White "Coenen,N"]
[Black "Mitkov,M"]
[Result "1/2-1/2"]
[WhiteElo "2418"]
[BlackElo "2413"]
[EventDate "2001.09.22"]

1. e4 e5 2. Nf3 Nc6 3. Bb5 a6 4. Ba4 d6 5. c3 f5 6. exf5 Bxf5 7. O-O Bd3 8.
Re1 Nf6 9. Bc2 Bxc2 10. Qxc2 Be7 11. d4 Qd7 12. dxe5 Nxe5 13. Nxe5 dxe5 14.
Be3 O-O-O 15. Nd2 Qd3 16. Qxd3 1/2-1/2

[Event "ECC"]
[Site "Panormo GRE"]
[Date "2001.09.29"]
[Round "7"]
[White "Stamenkov,V"]
[Black "Ahn,M"]
[Result "1-0"]
[WhiteElo "2378"]
[BlackElo "2340"]
[EventDate "2001.09.22"]

1. d4 Nf6 2. Nf3 g6 3. g3 Bg7 4. Bg2 O-O 5. O-O d6 6. c4 c6 7. Nc3 Qb6 8.
e4 Bg4 9. Rb1 Nbd7 10. h3 Bxf3 11. Bxf3 e5 12. Be3 Qc7 13. Bg2 Rad8 14. b4
exd4 15. Bxd4 c5 16. bxc5 dxc5 17. Be3 Ne5 18. Nd5 Nxd5 19. cxd5 f5 20.
exf5 Rxf5 21. Qb3 b6 22. Be4 Rf7 23. Bg5 Rd6 24. f4 c4 25. Qc2 Nd3 26. Kh2
Qc5 27. Rbd1 Nb4 28. Qg2 b5 29. a3 Na6 30. f5 gxf5 31. Bxf5 Nc7 32. Qe4 Kh8
33. Be7 Ne8 34. Qh4 Bf6 35. Bxd6 Nxd6 36. Qh5 Qe3 37. Bb1 Rg7 38. Qf3 Qxf3
39. Rxf3 Be7 40. Re1 Kg8 41. Bf5 Nxf5 42. Rxf5 Rf7 43. d6 Bxd6 44. Rxb5 Rc7
45. Rg5+ Kf7 46. Rf5+ Kg7 47. Rf3 c3 48. Rc1 Be5 49. Kg2 Bd4 50. Rd3 Rc4
51. Rc2 Kf6 52. Rxd4 Rxd4 53. Rxc3 Ra4 54. Kf2 Kg6 55. Rf3 h6 56. Ke2 Re4+
57. Kd2 Ra4 58. Kc2 Rc4+ 59. Kb3 Re4 60. Rc3 a5 61. Kc2 Ra4 62. Kb2 Re4 63.
Rd3 Re2+ 64. Kb3 Re4 65. Kc3 Kg7 66. Kd2 Ra4 67. Rc3 Kg6 68. Ke3 Kg7 69.
Kf3 Kg6 70. g4 Kf7 71. Kg3 Kg6 72. Kh4 Kg7 73. Kh5 Kh7 74. Rc7+ Kg8 75. Kg6
Kf8 76. Rc3 Rd4 77. Kxh6 Rd6+ 78. Kh5 Rb6 79. h4 a4 80. Rc4 Ra6 81. Rc5 Rd6
82. Rc4 Ra6 83. g5 Kg7 84. Kg4 Ra5 85. h5 Ra7 86. Rc6 Kh7 87. h6 Ra8 88.
Kh5 Ra5 89. Rc4 Kg8 90. Rc8+ Kh7 91. Rc7+ Kg8 92. Kg4 Ra6 93. Rc5 Kh7 94.
Kh5 Ra8 95. g6+ Kh8 96. h7 Kg7 97. Rc7+ Kh8 98. Kh6 1-0

[Event "ECC"]
[Site "Panormo GRE"]
[Date "2001.09.29"]
[Round "7"]
[White "Meessen,R"]
[Black "Kutirov,R"]
[Result "1/2-1/2"]
[WhiteElo "2323"]
[BlackElo "2390"]
[EventDate "2001.09.22"]

1. d4 d5 2. c4 c6 3. Nf3 e6 4. Nc3 dxc4 5. e3 b5 6. a4 Bb4 7. Bd2 Ne7 8.
axb5 Bxc3 9. Bxc3 cxb5 10. b3 Nbc6 11. bxc4 b4 12. Bb2 O-O 13. e4 f6 14. d5
exd5 15. cxd5 Ne5 16. Nxe5 fxe5 17. Bxe5 Ng6 18. Bb2 Qg5 19. g3 Ne5 20. Be2
Bh3 21. Qd2 Qg6 22. Qe3 Bg2 23. Ra6 Qxe4 24. Qxe4 Bxe4 25. O-O Nf3+ 26.
Bxf3 Bxf3 27. Rfa1 Bxd5 28. Rxa7 Rxa7 29. Rxa7 Bf7 30. Rb7 b3 31. f4 Rc8
32. Be5 h5 33. Kf2 Rc2+ 34. Ke3 Rxh2 35. Rb8+ Kh7 36. Rb7 Kg6 37. Rb6+ Kh7
38. f5 Rc2 39. Rb4 Kg8 40. Rb8+ Kh7 41. Rb7 Kg8 42. Bd4 Rc8 43. Kf4 Rc4 44.
Ke5 Rc6 45. Rb8+ Kh7 46. Rb7 Kg8 47. Rb8+ Kh7 48. Rf8 Bc4 49. Kf4 Rc7 50.
Kg5 Rd7 51. Bb2 Rd2 52. Be5 Rd5 53. Kf4 Rd7 54. Rb8 Bf7 55. Kg5 Rd5 56. Kf4
Rd7 57. Rb6 Ra7 58. Rb4 Kg8 59. Rb8+ Kh7 60. Rb4 Kg8 61. Bd4 Rd7 62. Kg5
Kh7 63. Bb2 Rc7 64. Be5 Re7 65. Bxg7 Re3 66. Kf4 Re8 67. Bd4 Bd5 68. Bb2
Re2 69. Bf6 Kg8 70. Rb5 Bc4 71. Rb6 Rf2+ 72. Ke4 Bf1 73. Rxb3 Bg2+ 74. Ke5
Bh3 75. Rb8+ Kf7 76. Rb7+ Ke8 77. Rb8+ Kf7 78. Rb7+ Ke8 79. Kd6 Bxf5 80.
Bh4 Bg4 81. Re7+ Kf8 82. Ra7 Re2 83. Be7+ Kf7 84. Bg5+ Kg6 85. Bf4 Kf5 86.
Ra5+ Ke4 87. Re5+ Kf3 88. Rxe2 Kxe2 1/2-1/2

[Event "ECC"]
[Site "Panormo GRE"]
[Date "2001.09.29"]
[Round "7"]
[White "Andonovski,L"]
[Black "Petzold,K"]
[Result "1/2-1/2"]
[WhiteElo "2335"]
[BlackElo "2269"]
[EventDate "2001.09.22"]

1. d4 d5 2. c4 c6 3. Nf3 Nf6 4. Nc3 dxc4 5. a4 Na6 6. e3 Bg4 7. Bxc4 e6 8.
h3 Bh5 9. O-O Nb4 10. a5 Be7 11. Qe2 O-O 12. Rd1 c5 13. dxc5 Qc7 14. b3
Rfd8 15. Rxd8+ Rxd8 16. Bb2 Qxc5 17. Nb5 a6 18. Bd4 Qf5 19. Na3 e5 20. Bb6
Rd7 21. e4 Bxf3 22. Qxf3 Qxe4 23. Qxe4 Nxe4 24. Re1 Nf6 25. Bf1 Ne8 26.
Rxe5 Nc6 27. Re1 Kf8 28. Nc4 Nd6 29. Ne3 Nc8 30. Rc1 Nxb6 31. axb6 Bd8 32.
Bxa6 Bxb6 33. Bb5 Nd4 34. Bc4 Nc6 35. Bb5 Nd4 1/2-1/2

[Event "ECC"]
[Site "Panormo GRE"]
[Date "2001.09.29"]
[Round "7"]
[White "Plumanns,D"]
[Black "Kocovski,I"]
[Result "1/2-1/2"]
[WhiteElo "2199"]
[BlackElo "2346"]
[EventDate "2001.09.22"]

1. d4 d5 2. Nf3 Nf6 3. e3 Bg4 4. h3 Bxf3 5. Qxf3 c6 6. Bd3 Nbd7 7. Qg3 g6
8. f4 Bg7 9. Nd2 O-O 10. O-O Nb6 11. b3 1/2-1/2

[Event "ECC"]
[Site "Panormo GRE"]
[Date "2001.09.29"]
[Round "7"]
[White "Hall,Je"]
[Black "Berend,F"]
[Result "1-0"]
[WhiteElo "2501"]
[BlackElo "2362"]
[EventDate "2001.09.22"]

1. e4 c5 2. Nf3 e6 3. d3 Nc6 4. g3 Nf6 5. Bg2 d5 6. Nbd2 Be7 7. O-O Qc7 8.
Re1 b6 9. a3 Bb7 10. c3 O-O-O 11. b4 dxe4 12. dxe4 Ng4 13. Qa4 Nge5 14.
Nxe5 Qxe5 15. Qc2 Qc7 16. Nc4 cxb4 17. axb4 b5 18. Na5 Nxa5 19. bxa5 a6 20.
Be3 Rd7 21. Bb6 Qc6 22. Rad1 Kb8 23. Rxd7 Qxd7 24. Rd1 Qc6 25. Qd2 Bf6 26.
Qf4+ Ka8 27. Bd4 Rd8 28. Rc1 e5 29. Bxe5 Bxe5 30. Qxe5 b4 31. c4 f6 32. Qe7
Rd6 33. c5 Rd2 34. Qxg7 Ka7 35. Qf7 f5 36. Qc4 Rb2 37. Qd4 Rb3 38. Re1 Rc3
39. Qxb4 Rxc5 40. Qb6+ Qxb6 41. axb6+ Kxb6 42. exf5 Bxg2 43. Kxg2 Rxf5 44.
g4 Rf7 45. h4 a5 46. g5 a4 47. Ra1 Ra7 48. f4 Kc5 49. h5 a3 50. f5 Kd6 51.
g6 hxg6 52. fxg6 Ra5 53. Rxa3 Rxh5 54. g7 1-0

[Event "ECC"]
[Site "Panormo GRE"]
[Date "2001.09.29"]
[Round "7"]
[White "Bekker Jensen,S"]
[Black "Goriachnik,D"]
[Result "1/2-1/2"]
[WhiteElo "2356"]
[BlackElo "2230"]
[EventDate "2001.09.22"]

1. d4 Nf6 2. c4 g6 3. g3 Bg7 4. Bg2 d5 5. cxd5 Nxd5 6. e4 Nb6 7. Ne2 O-O 8.
O-O e5 9. d5 c6 10. Nbc3 cxd5 11. exd5 Bf5 12. b3 Qd7 13. Ba3 Rd8 14. Re1
a5 15. Qd2 Na6 16. Qe3 Nc8 17. Na4 Nb4 18. Bxb4 axb4 19. Rac1 b5 20. Nc5
Qa7 21. g4 Bd7 22. Rc2 Nd6 23. h3 Bc8 24. Nd3 Qa5 25. Ng3 f5 26. gxf5 Bxf5
27. Nxf5 Nxf5 28. Qe4 Nd4 29. Rd2 Re8 30. f4 Qb6 31. Rf2 Nc2 32. Ree2 Nd4
33. Re1 1/2-1/2

[Event "ECC"]
[Site "Panormo GRE"]
[Date "2001.09.29"]
[Round "7"]
[White "Sherwin,J"]
[Black "Harestad,T"]
[Result "1/2-1/2"]
[WhiteElo "2359"]
[BlackElo "2235"]
[EventDate "2001.09.22"]

1. d4 Nf6 2. c4 g6 3. Nf3 Bg7 4. Nc3 O-O 5. Bg5 d6 6. e3 h6 7. Bh4 c6 8.
Be2 a6 9. a3 Nbd7 10. Qc2 b5 11. O-O Rb8 12. Rfd1 Qb6 13. b4 bxc4 14. Bxc4
Bb7 15. Bg3 g5 16. h3 a5 17. Rab1 axb4 18. axb4 Ba6 19. Ba2 Rbc8 20. Rdc1
Qb7 21. Qd1 Qa8 22. e4 Bb7 23. Ra1 Qb8 24. e5 Nd5 25. Bxd5 cxd5 26. exd6 e6
27. Qa4 Rfd8 28. Qa5 Rc4 29. Nb5 Bc6 30. Na3 Rxc1+ 31. Rxc1 Ba8 32. Rc7 Kf8
33. b5 Ke8 34. Nc2 Qb6 35. Qxb6 Nxb6 36. Nb4 Rd7 37. Na6 Bb7 38. Rc2 Bxa6
39. bxa6 Nc4 40. Ra2 Ra7 41. Ra1 Bf8 42. Ne5 Bxd6 43. Nc6 Ra8 44. Bxd6 Nxd6
45. a7 Kd7 46. Ra6 Nc4 47. Nb4 Nd6 48. Nd3 Nb5 1/2-1/2

[Event "ECC"]
[Site "Panormo GRE"]
[Date "2001.09.29"]
[Round "7"]
[White "O'Connor,Jon"]
[Black "Elseth,R"]
[Result "1/2-1/2"]
[WhiteElo "2165"]
[BlackElo "2358"]
[EventDate "2001.09.22"]

1. e4 e5 2. Nf3 Nc6 3. d4 exd4 4. Nxd4 Nf6 5. Nxc6 bxc6 6. e5 Qe7 7. Qe2
Nd5 8. c4 Ba6 9. b3 g6 10. g3 Bg7 11. Bb2 O-O 12. Bg2 Rfe8 13. O-O Rab8 14.
Nd2 Nb6 15. f4 d5 16. Qf2 Nxc4 17. Nxc4 dxc4 18. Rfc1 cxb3 19. axb3 Bb5 20.
Rxa7 Qe6 21. Bd4 1/2-1/2

[Event "ECC"]
[Site "Panormo GRE"]
[Date "2001.09.29"]
[Round "7"]
[White "Karttunen,M"]
[Black "Markos,J"]
[Result "0-1"]
[WhiteElo "2466"]
[BlackElo "2479"]
[EventDate "2001.09.22"]

1. d4 Nf6 2. Nf3 c5 3. e3 e6 4. Be2 d5 5. O-O Nc6 6. c4 cxd4 7. exd4 Be7 8.
Nc3 O-O 9. Bf4 b6 10. Rc1 Bb7 11. Re1 Rc8 12. Ne5 dxc4 13. Nxc6 Rxc6 14.
Nb5 a6 15. Na7 Rd6 16. Bxd6 Qxd6 17. Bxc4 Ra8 18. Bxa6 Bxa6 19. Nc6 Bf8 20.
Qb3 Nd5 21. Ne5 Bb7 22. Qf3 f6 23. Nc4 Qf4 24. Qh3 Re8 25. Rcd1 Qg5 26. Qg3
Qxg3 27. hxg3 Bb4 28. Re2 Rc8 29. Rc2 b5 30. Na3 Nc3 31. Rxc3 Rxc3 32. bxc3
Bxa3 33. Rb1 Bc6 34. f3 h5 35. Kf2 Kf7 36. Ke3 Ke7 37. Rh1 g6 38. Rb1 Bd6
39. f4 Bc7 40. Rb2 Kd6 41. Kd3 Kd5 42. Rb1 e5 0-1

[Event "ECC"]
[Site "Panormo GRE"]
[Date "2001.09.29"]
[Round "7"]
[White "Zetocha,C"]
[Black "Salmensuu,O"]
[Result "0-1"]
[WhiteElo "2434"]
[BlackElo "2431"]
[EventDate "2001.09.22"]

1. e4 e6 2. Qe2 Nc6 3. c3 d5 4. d3 Nf6 5. g3 dxe4 6. dxe4 e5 7. Nf3 Bc5 8.
b4 Bb6 9. Bg2 a6 10. Nbd2 O-O 11. O-O Re8 12. h3 Be6 13. Ng5 Bd7 14. Nc4
Ba7 15. Qc2 Nh5 16. Kh2 b5 17. Nb2 h6 18. Nf3 a5 19. a3 axb4 20. cxb4 Nd4
21. Qd1 Nf6 22. Nd3 Nxf3+ 23. Qxf3 Bd4 24. Bb2 Bc6 25. Qe2 Bxb2 26. Nxb2
Ra6 27. Rfe1 Qd4 28. Red1 Qb6 29. Nd3 Qa7 30. Rdc1 Qa8 31. f3 Nd7 32. Nc5
Rxa3 33. Rxa3 Qxa3 34. Nd3 Re6 35. Qc2 Rd6 36. Qc3 Qxc3 37. Rxc3 f6 38. Nc1
Nb8 39. Nb3 Na6 40. Na5 Be8 41. f4 c6 42. Nb7 Rd4 43. Ra3 Nxb4 44. Ra8 Kf8
45. Bf3 Ke7 46. Bg4 h5 0-1

[Event "ECC"]
[Site "Panormo GRE"]
[Date "2001.09.29"]
[Round "7"]
[White "Petran,Pe"]
[Black "Jouhki,Y"]
[Result "0-1"]
[WhiteElo "2364"]
[BlackElo "2274"]
[EventDate "2001.09.22"]

1. g3 d5 2. Bg2 Nf6 3. f4 g6 4. d3 d4 5. c3 c5 6. Nh3 Bg7 7. O-O O-O 8. e4
Nc6 9. Nf2 e5 10. c4 Qd6 11. Qf3 exf4 12. gxf4 Nh5 13. e5 Qe7 14. Nd2 f6
15. exf6 Nxf6 16. Rb1 Nh5 17. Nde4 Ne5 18. Qe2 Nxf4 19. Bxf4 Rxf4 20. Nh3
Bg4 21. Qc2 Nf3+ 22. Kh1 Bxh3 23. Rxf3 Rxf3 24. Bxf3 Rf8 25. Bg2 Qh4 26.
Bxh3 Qxh3 27. Qe2 b6 28. Ng3 h5 29. Qg2 Qxg2+ 30. Kxg2 h4 31. Ne4 h3+ 32.
Kxh3 Rf3+ 33. Kg4 Rxd3 34. Re1 Bh6 35. Nf6+ Kf7 36. Nd5 Rd2 37. Re7+ Kf8
38. Rxa7 Rxb2 39. a4 d3 40. Rd7 d2 41. Nf6 Bg7 42. Kg5 Bxf6+ 43. Kxf6 Ke8
44. Rd3 Rc2 45. Kxg6 Rxc4 46. Rxd2 Rxa4 47. Kg5 b5 48. h4 c4 49. h5 c3 50.
Rh2 Rc4 51. Rc2 b4 52. h6 Kf7 53. Rf2+ Kg8 0-1

[Event "ECC"]
[Site "Panormo GRE"]
[Date "2001.09.29"]
[Round "7"]
[White "Franzen,Joz"]
[Black "Behm,J"]
[Result "1/2-1/2"]
[WhiteElo "2291"]
[BlackElo "2126"]
[EventDate "2001.09.22"]

1. c4 e5 2. g3 Nf6 3. Bg2 g6 4. Nc3 Bg7 5. e3 O-O 6. Nge2 d6 7. O-O a5 8.
d4 exd4 9. exd4 Nc6 10. h3 Re8 11. Be3 Bf5 12. g4 Bd7 13. Ng3 h6 14. Qd2
Kh7 15. Rae1 Ng8 16. Nd5 Rc8 17. b3 Qh4 18. Ne2 f5 19. f3 Qd8 20. Bf2 Nf6
21. Nef4 Rxe1 22. Rxe1 Qg8 23. a3 Qf7 24. b4 axb4 25. axb4 Nxd5 26. cxd5
Ne7 27. Ne6 Nxd5 28. Nxg7 Kxg7 29. Bf1 fxg4 30. fxg4 Re8 31. Ra1 Nf4 32.
Be3 Rf8 33. d5 g5 34. Bd4+ Kg8 35. Bb2 Qxd5 36. Qc3 Qe5 37. Qxe5 dxe5 38.
Bxe5 c6 39. Ra7 Bc8 40. Kh2 Nd5 41. Bc4 Re8 42. Bd6 Kf7 43. b5 Ke6 44. Bc5
cxb5 45. Bxb5 Bd7 1/2-1/2

[Event "ECC"]
[Site "Panormo GRE"]
[Date "2001.09.29"]
[Round "7"]
[White "Berkvens,J"]
[Black "Quinn,M"]
[Result "1/2-1/2"]
[WhiteElo "2444"]
[BlackElo "2386"]
[EventDate "2001.09.22"]

1. Nf3 Nf6 2. c4 e6 3. g3 a6 4. Nc3 c5 5. Bg2 d6 6. O-O b6 7. a3 Qc7 8. d3
Bb7 9. b4 Nbd7 10. Rb1 cxb4 11. axb4 b5 12. Qb3 Rc8 13. Nd2 Bxg2 14. Kxg2
Be7 15. Bb2 O-O 16. Kg1 Qb7 17. Rfc1 Rc6 18. Qa2 Rfc8 19. Nb3 Qb6 20. cxb5
axb5 21. Qa5 Rb8 22. Ne4 Nxe4 23. dxe4 Rc4 24. Bd4 Qb7 25. Rxc4 bxc4 26.
Nd2 Ra8 27. Qh5 e5 28. Bc3 Qb5 29. e3 Nb6 30. Qd1 f6 31. Ra1 Rxa1 32. Qxa1
Qa4 33. Qf1 Qb5 34. Qh3 d5 35. Qe6+ Kf8 36. exd5 Nxd5 37. Ne4 Nxc3 38. Nxc3
Qxb4 39. Nd5 Qb1+ 40. Kg2 Qb7 41. Kh3 Bd8 42. Qd6+ Ke8 43. Qc5 Qa6 44. e4
Kf7 45. Kg2 g6 46. Ne3 Be7 47. Qc7 Qb5 48. Nxc4 Qc5 49. Qxc5 1/2-1/2

[Event "ECC"]
[Site "Panormo GRE"]
[Date "2001.09.29"]
[Round "7"]
[White "Welling,G"]
[Black "Barber,H"]
[Result "1-0"]
[WhiteElo "2376"]
[BlackElo "2319"]
[EventDate "2001.09.22"]

1. e4 c5 2. d3 Nc6 3. g3 g6 4. Bg2 Bg7 5. f4 d6 6. Nf3 e6 7. O-O Nge7 8. c3
O-O 9. Be3 b6 10. Bf2 Qc7 11. Na3 f5 12. Re1 Bd7 13. d4 Rad8 14. exf5 Nxf5
15. d5 Nce7 16. dxe6 Bc6 17. Ng5 Nh6 18. Qe2 Bxg2 19. Kxg2 Qc6+ 20. Qf3 d5
21. Rad1 Bf6 22. h4 Rd6 23. g4 Kh8 24. Bg3 Rdd8 25. Rd2 b5 26. Nc2 a5 27.
a3 Rc8 28. Kh3 Qb6 29. Ne3 d4 30. cxd4 cxd4 31. Nd5 Nxd5 32. Qxd5 b4 33. e7
Rfe8 34. Re6 1-0